| 000 | 00678nam a22002297a 4500 | ||
|---|---|---|---|
| 005 | 20251108165929.0 | ||
| 008 | 250721s9999 xx 000 0 ara d | ||
| 082 | 1 | 4 | _aط/923.55/زيا |
| 100 | 1 | _aهنداوي، خليل | |
| 245 | 1 | 0 | _aزياد بن أبيه / |
| 264 | 1 |
_aبيروت : _bدار الشرق العربي، _c[19-]. |
|
| 300 | _a125ص. | ||
| 490 | 0 | _aأعلام خالدون ؛ 2 | |
| 650 | 1 | 7 | _aالتراجم |
| 650 | 1 | 7 | _aالإسلام |
| 653 | _aناشئون صغار (10-14 سنة ) | ||
| 700 | 1 | _aالانطاكي، محمد | |
| 700 | 1 | _aحاضري، بدر الدين | |
| 700 | 1 | _aقجة، محمد | |
| 942 |
_2ddc _cBK |
||
| 999 |
_c35118 _d35118 |
||